(Khmer) wonderful new year / (Record no. 50031)
| 000 -LEADER | |
|---|---|
| fixed length control field | 00396nam a2200133 4500 |
| 020 ## - INTERNATIONAL STANDARD BOOK NUMBER | |
| International Standard Book Number | 9789924340379 |
| 245 ## - TITLE STATEMENT | |
| Title | (Khmer) wonderful new year / |
| Statement of responsibility, etc | Nguon Sivdeum. |
| 260 ## - PUBLICATION, DISTRIBUTION, ETC. (IMPRINT) | |
| Place of publication, distribution, etc | Cambodia: |
| Name of publisher, distributor, etc | Sipar; |
| Date of publication, distribution, etc | 2025. |
| 300 ## - PHYSICAL DESCRIPTION | |
| Extent | 40 p. |
| Other physical details | col. ill. |
| Dimensions | 24 cm. |
| 490 ## - SERIES STATEMENT | |
| Series statement | I want to read; |
| 700 ## - ADDED ENTRY--PERSONAL NAME | |
| Relator code | illustrator. |
| Personal name | Seng Visal. |
| 9 (RLIN) | 84136 |
| 700 ## - ADDED ENTRY--PERSONAL NAME | |
| Relator code | illustrator. |
| Personal name | Khun Sovanrith. |
| 9 (RLIN) | 87058 |
| 942 ## - ADDED ENTRY ELEMENTS (KOHA) | |
| Source of classification or shelving scheme | |
| Koha item type | Khmer Fic Books |
| Withdrawn status | Lost status | Source of classification or shelving scheme | Damaged status | Not for loan | Collection code | Home library | Current library | Date acquired | Total Checkouts | Full call number | Barcode | Checked out | Date last seen | Date checked out | Price effective from | Koha item type |
|---|---|---|---|---|---|---|---|---|---|---|---|---|---|---|---|---|
| Siem Riep | Asian Hope Secondary Library | Asian Hope Secondary Library | 01/13/2026 | 2 | KHMER J FIC NGU | 210172 | 05/07/2026 | 04/30/2026 | 04/30/2026 | 01/13/2026 | Khmer Fic Books |